| 000 | 00782cam a2200325 4500 | ||
|---|---|---|---|
| 001 | J1484 | ||
| 008 | 090401t1993 xxu||||| |||| 00| 0 eng d | ||
| 035 | _a(Sirsi) u43664 | ||
| 041 | _aeng | ||
| 050 | _a333.337094221 | ||
| 110 |
_aStiles Harold Williams _913 |
||
| 245 | _aOffice accommodation: A23/M23 regional report. | ||
| 260 |
_aCroydon _bStiles Harold Williams _c1993 |
||
| 300 | _a15p. : ill. ; 30cm. | ||
| 350 | _a0 | ||
| 650 | _aA23 | ||
| 650 | _aBRIGHTON | ||
| 650 | _aCRAWLEY | ||
| 650 | _aCROYDON | ||
| 650 | _aEAST GRINSTEAD | ||
| 650 | _aHAYWARDS HEATH | ||
| 650 | _aHORSHAM | ||
| 650 | _aM23 | ||
| 650 | _aOFFICES | ||
| 650 | _aREDHILL | ||
| 650 | _aREIGATE | ||
| 690 | _aPROPERTY-COMMERCIAL PROPERTY | ||
| 942 | _n0 | ||
| 948 | _c04/03/1997 | ||
| 999 |
_c91371 _d91371 |
||